| 000 | 00474nam a2200193Ia 4500 | ||
|---|---|---|---|
| 008 | 170918s9999 xx 000 0 und d | ||
| 020 | _a43913265 | ||
| 050 | _bB912 2001 | ||
| 100 | _aBruss, Deborah | ||
| 245 | _aBook! Book! Book! / | ||
| 245 | _cDeborah Bruss ; illustrated by Tiphanie Beeke. | ||
| 260 | _aNew York : | ||
| 260 | _bScholastic, | ||
| 260 | _c2001 | ||
| 300 | _aunpaged : | ||
| 300 | _bcolored illustration ; | ||
| 300 | _c25cm. | ||
| 500 | _a220 | ||
| 999 |
_c341074 _d341074 |
||